El museo Regional de San Ramón y la comunidad /

Zapisane w:
Opis bibliograficzny
1. autor: Otárola, Flory
Format: Nieznany
Język:Spanish
Etykiety: Dodaj etykietę
Nie ma etykietki, Dołącz pierwszą etykiete!

MARC

LEADER 000000000a22000000004500
001 003147
041 0 |a spa 
100 1 |a Otárola, Flory 
245 1 3 |a El museo Regional de San Ramón y la comunidad /   |c Flory Otárola. 
310 |a Semestral. 
773 0 |x 1659-0066  |d San José, Costa Rica : Editorial de la Universidad de Costa Rica  |t Herencia: Programa de rescate y revitalización del patrimonio cultural  |g volumen 18, número 2 (2005), páginas 97-106 
942 |c ARC 
999 |c 9977  |d 9977